01130cam a22002651 4500001001300000003000400013005001700017008004100034010001700075025001900092035002000111040002300131042001200154050002400166111008500190245001700275260007900292300002400371504003100395500015800426650005900584710010900643710009500752999001700847sa 66005321 DLC20260227112248.0870917s1965 ii b 100 0 eng  asa 66005321  aPL480:I-E-5589 a(OCoLC)16702622 aDLCcWaUdWaUdDLC apremarc00aLB3058.I4bA72 19622 aAll India Workshop on Long Range Planning in the Testing Fieldd(1962 :cBhopal)00aProceedings. a[New Delhi]bNational Council of Educational Research and Training,c1965. avii, 123 p.c24 cm. aBibliographical footnotes. aSponsored by the Central Bureau of Educational and Vocational Guidance and the Dept. of Psychological Foundations of the National Institute of Education. 0aEducational tests and measurementszIndiavCongresses.1 aDelhi (India).bNational Institute of Education.bCentral Bureau of Educational and Vocational Guidance.1 aDelhi (India).bNational Institute of Education.bDepartment of Psychological Foundations. c69892d69892